Statistics for States With Most 100,000 Population Cities

Click here to take the quiz!

General Stats

  • This quiz has been taken 228 times
  • The average score is 9 of 10

Answer Stats

# of cities State % Correct
73California
99%
37Texas
99%
22Florida
98%
8Illinois
85%
7Georgia
85%
8Washington
84%
10Arizona
81%
9North Carolina
80%
7Virginia
75%
12Colorado
69%

Score Distribution

Percentile by Number Answered

Percent of People with Each Score

Your Score History

You have not taken this quiz